1409 1502 1271 1325 1259 1888 1469 1589 1107 1006 1330 1451 1629 1261 1461 1424 1456 1533 1986 1014 1573 1081 1032 1771 1537 1783 1045 1877 1613 1312 1458 1945 1664 1642 1336 1894 1559 1953 1645 1730 1501 1048 1747 1221 1062 1434 1271 1435 1857 1583 1733 1102 1451 1883 1777 1278 1125 1824 1251 1231 1579 1836 1043 1785 1347 1092 1845 1372 1248 1392 1867 1303 1997 1864 1173 1563 1761 1603 1670 1705 1756 1097 1992 1897 1724 1266 1960 1582 1697 1205 1541 1622 1167 1107 1612 1854 1610 1968 1420 BCNSPRNW ULIB Ver.6.0+V

เปลี่ยนเป็นภาษาไทย

Change to English
 แสดงรายละเอียดบรรณานุกรม
  กลับหน้าหลัก

Brief Record : Get Marc (ISO 2709) : E-mail record : QR code < ปิดหน้าต่าง
LEADER : 00000nam 2200000uu 4500
001    13399128551
003     ULIB
008    230906s2560||||th 000 0 tha d
020    ^a9786164410473
060 04 ^aWH700^bณ342ร
100 0  ^aณัฐภัทร วัฒวรากุล
245 10 ^aโรคของระบบน้ำเหลือง /^cณัฐภัทร วัฒวรากุล
260    ^aกรุงเทพฯ :^bFeel good,^c2560
300    ^a238 หน้า :^bภาพประกอบ ;^c21 ซม.
650  2 ^aLymphatic Diseases
650  2 ^aLymphatic System
650  4 ^aต่อมน้ำเหลือง, เนื้องอก
650  4 ^aต่อมน้ำเหลือง, โรค
945    ^p155^l0^i29717
945    ^p155^l0^i29718
945    ^p155^l0^i29719
945    ^p155^l0^i29720
945    ^p155^l0^i29721
999    ^aกัณชพร จุลอักษร
รายการนี้ยังไม่มีแท็ก
คุณยังไม่ได้ล็อกอิน คุณสามารถมีกิจกรรมร่วมกับเว็บไซต์ได้ แต่ต้องล็อกอินก่อน ::
  ล็อกอิน

รายการสื่อสารสนเทศ

ลำดับที่ ประเภท เลขเรียก/บาร์โค้ด สถานที่ สถานะ
1. หนังสือสำรอง
หนังสือสำรอง
WH700 ณ342ร ฉ.1 
  Barcode: 29717
ห้องสมุดวิทยาเขตนครสวรรค์
►หนังสือทั่วไป:l:General Books
บนชั้น
2. วิทยาศาสตร์การแพทย์ และสุขภาพ
วิทยาศาสตร์การแพทย์ และสุขภาพ
WH700 ณ342ร ฉ.2 
  Barcode: 29718
ห้องสมุดวิทยาเขตนครสวรรค์
►หนังสือทั่วไป:l:General Books
บนชั้น
3. วิทยาศาสตร์การแพทย์ และสุขภาพ
วิทยาศาสตร์การแพทย์ และสุขภาพ
WH700 ณ342ร ฉ.3 
  Barcode: 29719
ห้องสมุดวิทยาเขตนครสวรรค์
►หนังสือทั่วไป:l:General Books
บนชั้น
4. วิทยาศาสตร์การแพทย์ และสุขภาพ
วิทยาศาสตร์การแพทย์ และสุขภาพ
WH700 ณ342ร ฉ.4 
  Barcode: 29720
ห้องสมุดวิทยาเขตนครสวรรค์
►หนังสือทั่วไป:l:General Books
บนชั้น
5. วิทยาศาสตร์การแพทย์ และสุขภาพ
วิทยาศาสตร์การแพทย์ และสุขภาพ
WH700 ณ342ร ฉ.5 
  Barcode: 29721
ห้องสมุดวิทยาเขตนครสวรรค์
►หนังสือทั่วไป:l:General Books
บนชั้น

รายการใกล้เคียง
    ผู้แต่ง [ณัฐภัทร วัฒวรากุล]

    หัวเรื่อง [Lymphatic Diseases]
    หัวเรื่อง [Lymphatic System]
    หัวเรื่อง [ต่อมน้ำเหลือง, เนื้องอก]
    หัวเรื่อง [ต่อมน้ำเหลือง, โรค]

BibComment


ยังไม่เคยถูกคอมเมนท์

คอมเมนท์ทรัพยากรรายการนี้
  คอมเมนท์: โรคของระบบน้ำเหล..


 Copyright 2026. Bcnsprnw @Library